000
00320nam a22001217a 4500
008
180822b xxu||||| |||| 00| 0 eng d
041
_a
eng
080
_a
616.8
100
_a
7
101
_a
TRU
245
_a
ANEURYSMSS AND ARTERIOVENOUS ANOMALIES OF THE BRAIN DIAGNOSIS AND TREATMENT
_c
POOL.L.J
942
_2
udc
_c
BK
999
_c
47259
_d
47259